Толковый словарь сетевых терминов и аббревиатур: официальное издание Cisco Systems , Inc; пер. с англ.

Bibliographic Details
Other Authors: Гордиенко Ю. Г. (редактор переводчик)
Summary:По сост. на январь 2001.
Language:Russian
English
Published: Москва, Вильямс, 2002
Subjects:
Format: Book
KOHA link:https://koha.lib.tpu.ru/cgi-bin/koha/opac-detail.pl?biblionumber=53557

MARC

LEADER 00000nam0a2200000 4500
001 53557
005 20231031045417.0
010 |a 5845902452 
035 |a (RuTPU)RU\TPU\book\56150 
090 |a 53557 
100 |a 20030620d2002 m y0rusy50 ca 
101 1 |a rus  |a eng 
102 |a RU 
105 |a y e 000zy 
200 1 |a Толковый словарь сетевых терминов и аббревиатур  |e официальное издание Cisco Systems , Inc  |e пер. с англ.  |f под ред. Ю. Г. Гордиенко 
210 |a Москва  |c Вильямс  |d 2002 
215 |a 368 с. 
300 |a По сост. на январь 2001. 
610 1 |a информатика 
610 1 |a сетевые технологии 
610 1 |a термины 
610 1 |a аббревиатуры 
610 1 |a толковые словари 
675 |a 681.324(038)  |v 3 
702 1 |a Гордиенко  |b Ю. Г.  |4 340  |4 730 
801 1 |a RU  |b 63413507  |c 20030620  |g PSBO 
801 2 |a RU  |b 63413507  |c 20060928  |g PSBO 
942 |c BK